Statistics for U.S. States with their Capitals as their Largest Cities

Click here to take the quiz!

General Stats

  • This quiz has been taken 17 times
    (5 since last reset)
  • The average score is 16 of 17

Answer Stats

State populationAnswer% Correct
7,421,401Arizona
100%
3,032,812Arkansas
100%
5,759,853Colorado
100%
10,623,953Georgia
100%
1,407,006Hawaii
100%
6,762,839Indiana
100%
3,171,932Iowa
100%
11,736,846Ohio
100%
3,980,783Oklahoma
100%
5,218,040South Carolina
100%
6,886,834Tennessee
100%
578,759Wyoming
100%
1,826,913Idaho
80%
6,893,574Massachusetts
80%
1,057,125Rhode Island
80%
3,206,937Utah
80%
2,996,786Mississippi
60%

Score Distribution

Percentile by Number Answered

Percent of People with Each Score

Your Score History

You have not taken this quiz since the last reset